Clubes brasileiros por frases dos hinos - Statistics

Estatísticas Gerais
  • Esse quiz foi jogado 575 vezes
  • A pontuação média é 11 de 18
Estatísticas das Respostas
Hint Resposta % Correto
Galo forte, vingador! Atlético Mineiro
93%
Quando surge o alvi-verde imponente, no gramado que a luta o aguarda. Palmeiras
88%
A Cruz de Malta é o teu pendão. Vasco
84%
Levas a tua senda de vitórias, Colorado das glórias, orgulho do Brasil. Internacional
81%
É o meu maior prazer, vê-lo brilhar, seja na terra, seja no mar. Flamengo
76%
Até a pé nós iremos, para o que der e vier. Grêmio
72%
Já a camisa rubro-negra, só se veste por amor. Athletico Paranaense
65%
Tu és o glorioso, não podes perder, perder para ninguém. Botafogo
65%
Tu és forte tu és grande, entre os grandes és o primeiro. São Paulo
63%
Brinco de Ouro, a nossa taba, construímos com devoção Guarani
62%
Sou tricolor de coração, sou do clube tantas vezes campeão. Fluminense
60%
Pois rubro-negras são as cores que abracei. Sport
60%
Existe um grande clube na cidade, que mora dentro do meu coração Cruzeiro
53%
És do Brasil, o clube mais brasileiro. Corinthians
50%
Somos da Turma Tricolor Bahia
47%
Dentro ou fora do alçapão, jogue o que jogar, és o leão do mar, salve o nosso campeão Santos
45%
Ó glorioso verde que se expande, entre os estados, tu és sempre um esplendor Chapecoense
36%
Da arte dos teus grandes valores, o seu nome pelo mundo vai brilhar. Coritiba
31%
Nenhum quiz correspondente encontrado
Distribuição das Pontuações
Porcentagem de Pessoas com Cada Pontuação
Percentil de Números Respondidos
Sua Pontuação Histórica
Você não jogou esse quiz